000 00687nam a2200205Ia 4500
003 GCL
008 140319s9999 xx 000 0 ara d
020 _a6322213977
040 _aGCL /
_cGCL
082 0 4 _a273.2908
_bا م
100 1 _aاندريه زكى
245 1 0 _aالمسيح والنقد التاريخى :
_bقصة الصراع بين الكرازة والتغيير الاجتماعى /
_cاندريه زكى
250 _aالاولى
260 _aالقاهرة :
_bدار الثقافة ،
_c1996
300 _a106 ص ؛
_c20 سم
650 0 4 _aالمسيح
650 0 4 _aالمسيحية - تاريخ
650 0 4 _aالمسيح - الطفولة
942 _2ddc
_cBK
999 _c4955
_d4955